Globalizing People Through International Assignments (Record no. 953)
[ view plain ]
| 000 -LEADER | |
|---|---|
| fixed length control field | 01443cam a22002294a 4500 |
| 005 - ΗΜΕΡΟΜΗΝΙΑ ΚΑΙ ΩΡΑ ΤΕΛΕΥΤΑΙΑΣ ΕΝΗΜΕΡΩΣΗΣ | |
| Πεδίο ελέγχου | 20250605163950.0 |
| 008 - FIXED-LENGTH DATA ELEMENTS--GENERAL INFORMATION | |
| Πεδίο ελέγχου σταθερού μήκους | 250528s ||||||||||||||||||||||||d |
| 035 ## - SYSTEM CONTROL NUMBER | |
| System control number | 15366 |
| 020 ## - ISBN | |
| ISBN | 201433893 |
| 040 ## - ΠΗΓΗ ΚΑΤΑΛΟΓΟΓΡΑΦΗΣΗΣ | |
| Φορέας πρωτότυπης καταλογογράφησης | MC Athens Campus Library |
| Γλώσσα καταλογογράφησης | Ελληνικά, Μοντέρνα (1453-) |
| Modifying agency | MC Athens Campus Library |
| Κανόνες περιγραφικής καταλογογράφησης | AACR2 |
| 245 1# - ΤΙΤΛΟΣ ΚΑΙ ΔΗΛΩΣΗ ΥΠΕΥΘΥΝΟΤΗΤΑΣ | |
| Τίτλος | Globalizing People Through International Assignments |
| 260 ## - PUBLICATION, DISTRIBUTION, ETC. | |
| Name of publisher, distributor, etc. | Allyn And Bacon, |
| Date of publication, distribution, etc. | 1999 |
| 300 ## - PHYSICAL DESCRIPTION | |
| Extent | 306 |
| 520 ## - SUMMARY, ETC. | |
| Summary, etc. | This book is written primarily for the executive who must deal with the global economy and the strategic role of people in achieving international competitiveness. Preface, Introduction, The Strategic Roles of Global Assignments, The Process of Making Cross-Cultural Adjustments, Before the Assignment, Selecting: Finding the Right People, Training: Helping People Learn to Do the Right Things, During the Assignment, Adjusting: Developing New Mental Maps and Behaviors, Integrating: Balancing Dual Allegiance, Appraising: Determining If People Are Doing the Right Things, Rewarding: Recognizing People When They Do Things Right, After the Assignment, Repatriating: Helping People Readjust and Perform, Retaining: Utilizing the Experienced Global Manager, Managing the Entire Global Assignment Cycle: Establishing Best Practices, References, Index. |
| 700 1# - ΠΡΟΣΘΕΤΗ ΑΝΑΓΡΑΦΗ--ΦΥΣΙΚΟ ΠΡΟΣΩΠΟ | |
| Personal name | Black Stewart J. |
| 9 (RLIN) | 1268 |
| 700 1# - ΠΡΟΣΘΕΤΗ ΑΝΑΓΡΑΦΗ--ΦΥΣΙΚΟ ΠΡΟΣΩΠΟ | |
| Personal name | Gregersen B. Hal |
| 9 (RLIN) | 1269 |
| 700 1# - ΠΡΟΣΘΕΤΗ ΑΝΑΓΡΑΦΗ--ΦΥΣΙΚΟ ΠΡΟΣΩΠΟ | |
| Personal name | Mendenhall E. Mark |
| 9 (RLIN) | 1270 |
| 700 1# - ΠΡΟΣΘΕΤΗ ΑΝΑΓΡΑΦΗ--ΦΥΣΙΚΟ ΠΡΟΣΩΠΟ | |
| Personal name | Stroh K. Linda |
| 9 (RLIN) | 1271 |
| 942 ## - ADDED ENTRY ELEMENTS (KOHA) | |
| Koha item type | Books |
| Τύπος τεκμηρίου | Βιβλιοθήκη | Τρέχουσα τοποθεσία | Barcode | Αριθμός εισαγωγής | Ημερομηνία απόκτησης | Ταξιθετικό σύμβολο | Αριθμός αντιτύπου | Κατάσταση απόσυρσης | Κατάσταση χαμένου | Κατάσταση κατεστραμμένου | Μη δανεισμός | Σύνολο δανεισμών | Ημερομηνία τελευταίας εμφάνισης | Η τιμή ισχύει από |
|---|---|---|---|---|---|---|---|---|---|---|---|---|---|---|
| Books | MC Athens Campus Library | MC Athens Campus Library | 9780000009524 | 1619 | 05/06/2025 | 658.3 BLA | 1 | 05/06/2025 | 05/06/2025 |